[Event "IECG WC.2010.S.00002 email"]
[Site "IECG email"]
[Date "2007.12.15"]
[Round "?"]
[White "Krol, Wladyslaw"]
[Black "Parrilla, Antonio"]
[Result "1-0"]
[WhiteElo "2214"]
[BlackElo "2087"]
[PlyCount "37"]
[EventDate "2007.12.15"]
[EventType "tourn (corr)"]
[EventRounds "6"]
[SourceTitle "Corr 2024"]
[Source "ChessBase"]
[SourceDate "2023.10.19"]
[SourceVersion "1"]
[SourceVersionDate "2023.10.19"]
[SourceQuality "1"]

1. e4 c5 2. f4 e6 3. Nf3 Ne7 4. d4 cxd4 5. Nxd4 Nbc6 6. Be3 d5 7. Nc3 dxe4 8. Ndb5 Nd5 9. Nxd5 exd5 10. Qxd5 Bb4+ 11. c3 Qxd5 12. Nc7+ Kf8 13. Nxd5 Bd6 14. 0-0-0 Bg4 15. Rd2 Be6 16. Bc4 Rd8 17. Rhd1 Bg4 18. Rf1 f5 19. h3 1-0

[Event "IECG WC.2010.S.00002 email"]
[Site "IECG email"]
[Date "2007.12.15"]
[Round "?"]
[White "Parrilla, Antonio"]
[Black "Brousek, Jiri"]
[Result "0-1"]
[WhiteElo "2087"]
[BlackElo "2270"]
[PlyCount "34"]
[EventDate "2007.12.15"]
[EventType "tourn (corr)"]
[EventRounds "6"]
[SourceTitle "Corr 2024"]
[Source "ChessBase"]
[SourceDate "2023.10.19"]
[SourceVersion "1"]
[SourceVersionDate "2023.10.19"]
[SourceQuality "1"]

1. d4 e6 2. e4 d5 3. Nc3 Nf6 4. e5 Nfd7 5. f4 c5 6. Nf3 Nc6 7. Be3 cxd4 8. Bxd4 Nxd4 9. Qxd4 Bc5 10. Qd2 0-0 11. 0-0-0 Qa5 12. Nd4 Bb4 13. a3 Bxc3 14. Qxc3 Qxc3 15. bxc3 Nb6 16. Bd3 Bd7 17. Kd2 Rfc8 0-1

[Event "IECG WC.2009.S.00001 email"]
[Site "IECG email"]
[Date "2006.09.09"]
[Round "?"]
[White "Mrkvicka, Josef"]
[Black "Parrilla, Antonio"]
[Result "1/2-1/2"]
[WhiteElo "2228"]
[BlackElo "2015"]
[PlyCount "69"]
[EventDate "2006.09.09"]
[EventType "tourn (corr)"]
[EventRounds "6"]
[SourceTitle "Corr 2011"]
[Source "ChessBase"]
[SourceDate "2010.08.31"]
[SourceVersion "1"]
[SourceVersionDate "2010.08.31"]
[SourceQuality "1"]

1. d4 Nf6 2. c4 e6 3. Nc3 Bb4 4. Qc2 c5 5. dxc5 Qc7 6. Nf3 Na6 7. Bd2 Nxc5 8. Nb5 Bxd2+ 9. Qxd2 Qb6 10. Qd4 Qa5+ 11. Qd2 Qxd2+ 12. Nxd2 Ke7 13. g3 d6 14. Bg2 Bd7 15. Nc3 a5 16. 0-0 Ra6 17. b3 Rb6 18. h3 Bc6 19. Rab1 h5 20. e4 h4 21. g4 g5 22. Rfd1 Ra8 23. Re1 Nfd7 24. Nd5+ Bxd5 25. exd5 Ne5 26. Ne4 Ned3 27. Re3 Nxe4 28. Rxd3 Nc5 29. Re3 Kf6 30. Rf3+ Kg6 31. Re3 Rf8 32. Kf1 e5 33. Be4+ Nxe4 34. Rxe4 f5 35. gxf5+ 1/2-1/2

[Event "IECG WC.2009.S.00001 email"]
[Site "IECG email"]
[Date "2006.09.09"]
[Round "?"]
[White "Parrilla, Antonio"]
[Black "Martin, Milan"]
[Result "1/2-1/2"]
[WhiteElo "2015"]
[BlackElo "2350"]
[PlyCount "109"]
[EventDate "2006.09.09"]
[EventType "tourn (corr)"]
[EventRounds "6"]
[SourceTitle "Corr 2011"]
[Source "ChessBase"]
[SourceDate "2010.08.31"]
[SourceVersion "1"]
[SourceVersionDate "2010.08.31"]
[SourceQuality "1"]

1. d4 Nf6 2. c4 c5 3. d5 e6 4. Nf3 exd5 5. cxd5 d6 6. Nc3 g6 7. e4 a6 8. Bf4 Bg4 9. Qa4+ Nbd7 10. Nd2 b5 11. Qc2 Nb6 12. h3 Bd7 13. a4 b4 14. Nd1 Nh5 15. Bh2 Qe7 16. Be2 Bh6 17. a5 Nc8 18. Bxh5 gxh5 19. 0-0 Bxh3 20. Nc4 Rg8 21. Nde3 Bxe3 22. Nxe3 Qf6 23. f3 Bd7 24. e5 dxe5 25. Rae1 Kf8 26. Qxc5+ Qe7 27. Qxe7+ Nxe7 28. Bxe5 Ng6 29. Bd6+ Kg7 30. Rc1 Rge8 31. Kf2 Rac8 32. Rxc8 Rxc8 33. Bxb4 f6 34. Rd1 Kf7 35. Rd4 Ne5 36. Bc3 Rb8 37. Rh4 Kg6 38. Kg3 Bb5 39. d6 Rd8 40. Nd5 Rxd6 41. Nf4+ Kf7 42. Rxh5 Kg8 43. Rh6 Nd7 44. Nh5 Bd3 45. Nxf6+ Nxf6 46. Rxf6 Rxf6 47. Bxf6 Kf7 48. Bc3 Kg6 49. Kf4 Bb5 50. Ke5 Kf7 51. f4 Bf1 52. g4 Be2 53. g5 Bb5 54. f5 Be2 55. Bb4 1/2-1/2

[Event "IECG WC.2009.S.00001 email"]
[Site "IECG email"]
[Date "2006.09.09"]
[Round "?"]
[White "Parrilla, Antonio"]
[Black "Van Tricht, Marcel"]
[Result "1/2-1/2"]
[WhiteElo "2015"]
[BlackElo "2285"]
[PlyCount "87"]
[EventDate "2006.09.09"]
[EventType "tourn (corr)"]
[EventRounds "6"]
[SourceTitle "Corr 2011"]
[Source "ChessBase"]
[SourceDate "2010.08.31"]
[SourceVersion "1"]
[SourceVersionDate "2010.08.31"]
[SourceQuality "1"]

1. d4 d5 2. c4 e6 3. Nc3 Nf6 4. Nf3 c6 5. cxd5 exd5 6. Bg5 Be7 7. Qc2 0-0 8. e3 Ne4 9. Bf4 Qa5 10. a3 Bb4 11. Bd3 Bxc3+ 12. bxc3 Qxc3+ 13. Qxc3 Nxc3 14. Nd2 Nd7 15. Rc1 Na4 16. Rc2 Ndb6 17. f3 Be6 18. Kf2 Rfd8 19. Nb3 Rd7 20. Na5 f6 21. h4 Re8 22. Re1 Red8 23. g4 Bf7 24. h5 g5 25. Bh2 Re7 26. Rb1 Kg7 27. Rcc1 Bg8 28. f4 Be6 29. Be2 Rde8 30. h6+ Kh8 31. Bd1 Bc8 32. fxg5 fxg5 33. Be5+ Kg8 34. Kg2 Rf7 35. Rb4 c5 36. Rxa4 Bd7 37. Nxb7 Bxa4 38. Nd6 Re6 39. dxc5 Bxd1 40. cxb6 axb6 41. Bg7 Rf8 42. Bxf8 Kxf8 43. Rxd1 Rxd6 44. Rf1+ 1/2-1/2

[Event "IECG CA.2006.0.00168 email"]
[Site "IECG email"]
[Date "2006.03.19"]
[Round "?"]
[White "Parrilla, Antonio"]
[Black "Bernal Varela, Nelson"]
[Result "1-0"]
[WhiteElo "2012"]
[BlackElo "2150"]
[PlyCount "79"]
[EventDate "2006.03.19"]
[EventType "tourn (corr)"]
[EventRounds "6"]
[SourceTitle "Corr 2008"]
[Source "ChessBase"]
[SourceDate "2008.06.24"]
[SourceVersion "1"]
[SourceVersionDate "2008.06.24"]
[SourceQuality "1"]

1. e4 c5 2. Nf3 d6 3. d4 cxd4 4. Nxd4 Nf6 5. Nc3 a6 6. Be2 e5 7. Nb3 Be7 8. g4 h6 9. Be3 Be6 10. Rg1 Nc6 11. Nd5 Rc8 12. Bf3 Nd7 13. Nxe7 Nxe7 14. Qd2 Qc7 15. 0-0-0 a5 16. Kb1 a4 17. Na1 Qc4 18. b3 Qa6 19. Qxd6 Nc6 20. h4 Ra8 21. Rd2 axb3 22. cxb3 Qa5 23. Be2 Rd8 24. f3 h5 25. g5 Nf8 26. Qc5 Qxc5 27. Rxd8+ Kxd8 28. Bxc5 Ng6 29. Bb6+ Kc8 30. Rh1 Rf8 31. Nc2 f6 32. Bc5 Rd8 33. gxf6 gxf6 34. Bb6 Rd6 35. Be3 f5 36. Kb2 f4 37. Bb6 Rd2 38. Bb5 Nf8 39. Kc3 Rg2 40. Bf1 1-0

[Event "IECG CA.2006.0.00168 email"]
[Site "IECG email"]
[Date "2006.03.19"]
[Round "?"]
[White "Parrilla, Antonio"]
[Black "Zens, Rolf"]
[Result "1-0"]
[WhiteElo "2012"]
[BlackElo "2013"]
[PlyCount "57"]
[EventDate "2006.03.19"]
[EventType "tourn (corr)"]
[EventRounds "6"]
[SourceTitle "Corr 2008"]
[Source "ChessBase"]
[SourceDate "2008.06.24"]
[SourceVersion "1"]
[SourceVersionDate "2008.06.24"]
[SourceQuality "1"]

1. e4 c5 2. Nf3 d6 3. d4 cxd4 4. Nxd4 Nf6 5. Nc3 a6 6. Be2 e5 7. Nb3 Be7 8. 0-0 0-0 9. a4 Nc6 10. f4 Be6 11. Kh1 exf4 12. Bxf4 d5 13. e5 Ne4 14. Bd3 Nxc3 15. bxc3 Qd7 16. a5 Bg4 17. Qd2 Rae8 18. Kg1 Bd8 19. h3 Be6 20. Qf2 f6 21. Nc5 Qc8 22. exf6 Rxf6 23. Nxe6 Qxe6 24. Rae1 Qf7 25. Rxe8+ Qxe8 26. Qc5 Qf7 27. Bd6 Qe6 28. Rxf6 Bxf6 29. Bb8 1-0

[Event "IECG CA.2006.0.00167 email"]
[Site "IECG email"]
[Date "2006.03.05"]
[Round "?"]
[White "Parrilla, Antonio"]
[Black "Ivanov, Hristo V"]
[Result "0-1"]
[WhiteElo "2001"]
[BlackElo "2086"]
[PlyCount "84"]
[EventDate "2006.03.05"]
[EventType "tourn (corr)"]
[EventRounds "6"]
[SourceTitle "Corr 2008"]
[Source "ChessBase"]
[SourceDate "2008.06.24"]
[SourceVersion "1"]
[SourceVersionDate "2008.06.24"]
[SourceQuality "1"]

1. e4 c5 2. Nf3 Nc6 3. d4 cxd4 4. Nxd4 Nf6 5. Nc3 e5 6. Ndb5 d6 7. Bg5 a6 8. Na3 b5 9. Bxf6 gxf6 10. Nd5 f5 11. Bd3 Be6 12. Qh5 Rg8 13. g3 Rg5 14. Qxh7 Nd4 15. 0-0-0 Rg6 16. Qh4 Qxh4 17. gxh4 Bxd5 18. exd5 Rg2 19. c3 Bh6+ 20. Kb1 Nf3 21. Bxf5 Rxf2 22. Bd3 Nd2+ 23. Ka1 e4 24. Rhe1 f5 25. Re2 Rxe2 26. Bxe2 Ke7 27. c4 bxc4 28. Nxc4 Nxc4 29. Bxc4 Kf6 30. b4 f4 31. Kb2 Ke5 32. Rf1 f3 33. Kc3 Be3 34. a4 Bd4+ 35. Kb3 a5 36. bxa5 Rb8+ 37. Kc2 Rb4 38. Bb5 Rb2+ 39. Kc1 Rxh2 40. Bc4 Rxh4 41. Kc2 Rh2+ 42. Kb1 Kf4 0-1

[Event "IECG CP.2005.P.00064"]
[Site "IECG email"]
[Date "2005.10.01"]
[Round "?"]
[White "Parrilla, Antonio"]
[Black "Zywczok, Antoni"]
[Result "1/2-1/2"]
[WhiteElo "1988"]
[BlackElo "800"]
[PlyCount "108"]
[EventDate "2005.10.01"]
[EventType "tourn (corr)"]
[EventRounds "6"]
[SourceTitle "Corr 2008"]
[Source "ChessBase"]
[SourceDate "2008.06.24"]
[SourceVersion "1"]
[SourceVersionDate "2008.06.24"]
[SourceQuality "1"]

1. e4 c5 2. Nf3 d6 3. d4 cxd4 4. Nxd4 Nf6 5. Nc3 a6 6. Be2 e6 7. 0-0 Be7 8. f4 Qc7 9. a4 Nc6 10. Be3 0-0 11. Nb3 b6 12. Bf3 Bb7 13. Qd2 Rab8 14. Rad1 Rfe8 15. Qf2 Nd7 16. Bh5 Bc8 17. f5 Nf6 18. fxe6 Bxe6 19. Be2 Qb7 20. Nd4 Ne5 21. Bg5 Nxe4 22. Nxe4 Qxe4 23. Nxe6 fxe6 24. Bxe7 Rxe7 25. Rxd6 Rf7 26. Qd4 Qxd4+ 27. Rxd4 Rxf1+ 28. Kxf1 a5 29. Kf2 Kf7 30. Ke3 Ke7 31. Bb5 Rb7 32. Re4 Kd6 33. c3 Rc7 34. Rh4 h6 35. Rd4+ Ke7 36. Re4 Nf7 37. Bc4 Rc6 38. Bd5 Rd6 39. Bb3 g5 40. h3 Nd8 41. Bc4 Nf7 42. h4 Kf6 43. h5 Ne5 44. Be2 Rd5 45. Rd4 Rc5 46. Bb5 Ke7 47. g3 Rc7 48. Re4 Kf6 49. g4 Rc8 50. Be2 Rc7 51. Rd4 Ke7 52. Bb5 Ra7 53. Re4 Kf6 54. Kd4 Nf3+ 1/2-1/2

[Event "IECG WC.2004.F.00004"]
[Site "IECG email"]
[Date "2005.05.16"]
[Round "?"]
[White "Johanson, Frans"]
[Black "Parrilla, Antonio"]
[Result "1/2-1/2"]
[WhiteElo "1993"]
[BlackElo "1997"]
[PlyCount "121"]
[EventDate "2005.05.16"]
[EventType "tourn (corr)"]
[EventRounds "6"]
[SourceTitle "Corr 2008"]
[Source "ChessBase"]
[SourceDate "2008.06.24"]
[SourceVersion "1"]
[SourceVersionDate "2008.06.24"]
[SourceQuality "1"]

1. d4 Nf6 2. c4 e6 3. Nf3 d5 4. Nc3 Be7 5. Bg5 0-0 6. e3 Nbd7 7. Rc1 c6 8. Qc2 h6 9. Bh4 a6 10. a3 Re8 11. Bd3 dxc4 12. Bxc4 b5 13. Be2 Bb7 14. 0-0 c5 15. dxc5 Bxc5 16. Rfd1 Qb6 17. b4 Bd6 18. Qd3 Bf8 19. Bg3 Rac8 20. Qb1 e5 21. Qa2 Qe6 22. Qxe6 Rxe6 23. h3 g6 24. Nb1 Rxc1 25. Rxc1 Bd6 26. Nfd2 Kf8 27. Nc3 Re8 28. Bd3 Rc8 29. Rc2 Ke7 30. f3 Nb6 31. Bh4 Rd8 32. Be4 Bc8 33. Bc6 Be6 34. e4 Rb8 35. g4 g5 36. Bf2 Bc4 37. h4 Bd3 38. Rc1 Nc4 39. Nxc4 bxc4 40. hxg5 hxg5 41. Be3 Bc7 42. Na4 Ne8 43. Bxg5+ f6 44. Be3 Nd6 45. Bc5 Kf7 46. Bd5+ Kg6 47. Bxd6 Bxd6 48. Bxc4 Bxc4 49. Rxc4 a5 50. Rc6 axb4 51. Rxd6 bxa3 52. Rd2 Rb4 53. Nc3 Rb3 54. Rc2 a2 55. Nxa2 Rxf3 56. Nc3 Rf4 57. Kh2 Rxg4 58. Rf2 Kg5 59. Rf5+ Kg6 60. Rf3 Kg5 61. Rf5+ 1/2-1/2

[Event "IECG WC.2004.F.00004"]
[Site "IECG email"]
[Date "2005.05.16"]
[Round "?"]
[White "Migliorini, Roberto"]
[Black "Parrilla, Antonio"]
[Result "1/2-1/2"]
[WhiteElo "2046"]
[BlackElo "1997"]
[PlyCount "46"]
[EventDate "2005.05.16"]
[EventType "tourn (corr)"]
[EventRounds "6"]
[SourceTitle "Corr 2008"]
[Source "ChessBase"]
[SourceDate "2008.06.24"]
[SourceVersion "1"]
[SourceVersionDate "2008.06.24"]
[SourceQuality "1"]

1. e4 c5 2. c3 Nf6 3. e5 Nd5 4. Nf3 Nc6 5. d4 cxd4 6. cxd4 e6 7. Nc3 d6 8. Bd3 dxe5 9. dxe5 Nxc3 10. bxc3 Qa5 11. 0-0 Nxe5 12. Nxe5 Qxe5 13. Rb1 Bd6 14. g3 Qc5 15. Bb5+ Kf8 16. c4 Qc7 17. Qd3 f6 18. Rd1 Be7 19. Ba3 Kf7 20. Bxe7 Qxe7 21. Qe4 h6 22. c5 Qxc5 23. Bd7 Qe7 1/2-1/2

[Event "IECG WC.2004.F.00004"]
[Site "IECG email"]
[Date "2005.05.16"]
[Round "?"]
[White "Parrilla, Antonio"]
[Black "Osipov, Anatoly Vladimirovi"]
[Result "1-0"]
[WhiteElo "1997"]
[BlackElo "1892"]
[PlyCount "81"]
[EventDate "2005.05.16"]
[EventType "tourn (corr)"]
[EventRounds "6"]
[SourceTitle "Corr 2008"]
[Source "ChessBase"]
[SourceDate "2008.06.24"]
[SourceVersion "1"]
[SourceVersionDate "2008.06.24"]
[SourceQuality "1"]

1. e4 e5 2. Nf3 Nf6 3. Nxe5 d6 4. Nf3 Nxe4 5. d4 d5 6. Bd3 Be7 7. 0-0 Nc6 8. c4 Nb4 9. Be2 0-0 10. Nc3 Bf5 11. a3 Nxc3 12. bxc3 Nc6 13. Re1 Bg6 14. Bf4 dxc4 15. Bxc4 Bf6 16. Ba2 a5 17. Qb3 Qc8 18. a4 Rd8 19. Bb1 Bxb1 20. Raxb1 b6 21. Re4 Ne7 22. Rbe1 Nf5 23. Bg5 Bxg5 24. Nxg5 Qd7 25. h3 Rf8 26. Nf3 Rfe8 27. Ne5 Qe6 28. d5 Qe7 29. Qd1 f6 30. Qg4 Nd6 31. Nc6 Qxe4 32. Rxe4 Rxe4 33. Qd7 Ne8 34. f3 Re2 35. Nd8 h6 36. Kf1 Re5 37. Qf7+ Kh7 38. Ne6 Re3 39. c4 Ra3 40. d6 cxd6 41. Qb7 1-0

[Event "IECG CP.2003.Q.00006 email"]
[Site "IECG email"]
[Date "2005.01.15"]
[Round "?"]
[White "Oestergaard, Allan"]
[Black "Parrilla, Antonio"]
[Result "0-1"]
[WhiteElo "2162"]
[BlackElo "2002"]
[PlyCount "120"]
[EventDate "2005.01.15"]
[EventType "tourn (corr)"]
[EventRounds "6"]
[EventCountry "ESP"]
[SourceTitle "Corr 2008"]
[Source "ChessBase"]
[SourceDate "2008.06.24"]
[SourceVersion "1"]
[SourceVersionDate "2008.06.24"]
[SourceQuality "1"]

1. e4 c5 2. Nf3 d6 3. d4 cxd4 4. Nxd4 Nf6 5. Nc3 a6 6. Bc4 e6 7. 0-0 Nc6 8. Be3 Be7 9. f4 d5 10. exd5 exd5 11. Bb3 0-0 12. Kh1 Re8 13. f5 Ba3 14. bxa3 Rxe3 15. Nxd5 Nxd5 16. Nxc6 bxc6 17. c4 Bb7 18. cxd5 cxd5 19. Rb1 f6 20. Qd4 Re5 21. Bd1 Bc6 22. Bf3 Qd7 23. a4 Qxf5 24. Rb6 Qd7 25. Qc5 Bxa4 26. Rd6 Qe7 27. Rc1 Re8 28. h3 Bb5 29. Rxd5 Qxc5 30. Rdxc5 Kf7 31. Kg1 Rd8 32. Rc7+ Re7 33. g4 Rd2 34. Rxe7+ Kxe7 35. Rc7+ Rd7 36. Rc2 Rd3 37. Kg2 h6 38. Rc7+ Rd7 39. Rc3 Rd2+ 40. Kg3 Kd6 41. a3 Rd3 42. Rxd3+ Bxd3 43. Kf4 Kc5 44. Ke3 Kc4 45. h4 Kc3 46. Be4 Bc4 47. Bc6 Bb5 48. Bb7 a5 49. Bc8 Kb2 50. Kd4 Kxa3 51. Kc3 Ba4 52. Be6 Bd1 53. h5 a4 54. Bd7 Bb3 55. Bc6 Ka2 56. Bb5 Kb1 57. Bd3+ Kc1 58. Bb5 Bd1 59. Bd7 a3 60. Be6 Bxg4 0-1

[Event "IECG CA.2004.0.00140 email"]
[Site "IECG email"]
[Date "2004.12.19"]
[Round "1"]
[White "De Souza, Marco"]
[Black "Parrilla, Antonio"]
[Result "1-0"]
[WhiteElo "2186"]
[BlackElo "1998"]
[PlyCount "47"]
[EventDate "2004.12.10"]
[EventType "tourn (corr)"]
[EventRounds "6"]
[SourceTitle "Corr 2008"]
[Source "ChessBase"]
[SourceDate "2008.06.24"]
[SourceVersion "1"]
[SourceVersionDate "2008.06.24"]
[SourceQuality "1"]

1. e4 c5 2. Nf3 d6 3. d4 cxd4 4. Nxd4 Nf6 5. Nc3 Nc6 6. Bc4 Qb6 7. Nde2 e6 8. 0-0 Be7 9. a3 0-0 10. Ba2 Ng4 11. Ng3 Nce5 12. h3 Nf6 13. Rb1 Qc6 14. Qe2 Bd7 15. f4 Ng6 16. Be3 Bd8 17. Rbd1 Ba5 18. Rd3 Rfd8 19. f5 Ne5 20. fxe6 Bxe6 21. Rxf6 gxf6 22. Nd5 Bxd5 23. Bxd5 Qd7 24. Qh5 1-0

[Event "IECG CA.2004.0.00140 email"]
[Site "IECG email"]
[Date "2004.12.19"]
[Round "1"]
[White "Villanueva, Matias"]
[Black "Parrilla, Antonio"]
[Result "1-0"]
[WhiteElo "2031"]
[BlackElo "1998"]
[PlyCount "71"]
[EventDate "2004.12.10"]
[EventType "tourn (corr)"]
[EventRounds "6"]
[SourceTitle "Corr 2008"]
[Source "ChessBase"]
[SourceDate "2008.06.24"]
[SourceVersion "1"]
[SourceVersionDate "2008.06.24"]
[SourceQuality "1"]

1. e4 c5 2. Nf3 d6 3. d4 cxd4 4. Nxd4 Nf6 5. Nc3 a6 6. Be3 e6 7. f3 b5 8. g4 h6 9. Qd2 Nbd7 10. 0-0-0 Bb7 11. h4 b4 12. Na4 Qa5 13. b3 Nc5 14. a3 Rc8 15. axb4 Nxb3+ 16. Nxb3 Qxa4 17. Kb2 d5 18. c3 Qc6 19. Ra1 Qc7 20. Na5 Ba8 21. Bxa6 Rb8 22. Rhe1 dxe4 23. Nc4 Nd5 24. Bb5+ Bc6 25. Bf4 Nxf4 26. Bxc6+ Qxc6 27. Qxf4 Rc8 28. Ra7 f5 29. Qd2 Rd8 30. Qc2 Be7 31. Ne5 Qb5 32. Ra5 Qb6 33. Qa4+ Kf8 34. Rd1 Qf2+ 35. Ka3 Rxd1 36. Qxd1 1-0

[Event "IECG CP.2001.S.00006 email"]
[Site "IECG email"]
[Date "2003.10.01"]
[Round "?"]
[White "Miletic, Arsen"]
[Black "Parrilla, Antonio"]
[Result "1/2-1/2"]
[WhiteElo "2223"]
[BlackElo "1882"]
[PlyCount "95"]
[EventDate "2003.10.01"]
[EventType "tourn (corr)"]
[EventRounds "6"]
[SourceTitle "Corr 2008"]
[Source "ChessBase"]
[SourceDate "2008.06.24"]
[SourceVersion "1"]
[SourceVersionDate "2008.06.24"]
[SourceQuality "1"]

1. e4 c5 2. Nf3 d6 3. d4 cxd4 4. Nxd4 Nf6 5. Nc3 a6 6. Be3 e6 7. f3 b5 8. Qd2 Nbd7 9. g4 h6 10. 0-0-0 Bb7 11. h4 b4 12. Na4 Qa5 13. b3 Nc5 14. a3 Nxa4 15. axb4 Qc7 16. bxa4 d5 17. b5 dxe4 18. bxa6 Bxa6 19. Bxa6 Rxa6 20. Nb5 Qc8 21. Qh2 Rc6 22. Rd6 Bxd6 23. Nxd6+ Rxd6 24. Qxd6 exf3 25. Rd1 Ne4 26. Qe5 Nc3 27. Qxg7 Ke7 28. Rd3 Nd5 29. Rxd5 exd5 30. Qe5+ Kd7 31. Qxd5+ Ke8 32. Qe5+ Kd7 33. Qf5+ Kd6 34. Qxf7 Re8 35. Qxf3 Qe6 36. Bf4+ Ke7 37. Bd2 Qe5 38. Qb7+ Kd6 39. c3 Qe4 40. Qb4+ Kd7 41. a5 Re6 42. Qb5+ Kc8 43. g5 hxg5 44. Qc5+ Kd7 45. hxg5 Qd3 46. Qa7+ Kc8 47. Qa8+ Kc7 48. Qa7+ 1/2-1/2

[Event "IECG CP.2003.P.00069 email"]
[Site "IECG email"]
[Date "2003.10.01"]
[Round "?"]
[White "Parrilla, Antonio"]
[Black "Baumann, Dariusz"]
[Result "1-0"]
[WhiteElo "1882"]
[BlackElo "1800"]
[PlyCount "79"]
[EventDate "2003.10.01"]
[EventType "tourn (corr)"]
[EventRounds "6"]
[EventCountry "ITA"]
[SourceTitle "Corr 2008"]
[Source "ChessBase"]
[SourceDate "2008.06.24"]
[SourceVersion "1"]
[SourceVersionDate "2008.06.24"]
[SourceQuality "1"]

1. e4 e6 2. d4 d5 3. Nc3 Bb4 4. e5 c5 5. a3 Bxc3+ 6. bxc3 Ne7 7. Qg4 Qc7 8. Qxg7 Rg8 9. Qxh7 cxd4 10. Ne2 Nbc6 11. f4 Bd7 12. Qd3 dxc3 13. Qxc3 Nf5 14. Rb1 0-0-0 15. Rg1 d4 16. Qd3 Be8 17. g4 Nh4 18. Rg3 f6 19. exf6 Bg6 20. Qc4 Bf7 21. Bh3 e5 22. g5+ Kb8 23. Be6 Bxe6 24. Qxe6 Rge8 25. Qc4 Nf5 26. Rgb3 Nd6 27. Qd5 Na5 28. g6 Nxb3 29. Rxb3 Rd7 30. fxe5 Nf5 31. f7 Red8 32. Qe4 d3 33. Rxd3 Rxd3 34. cxd3 Nd4 35. e6 Nxe2 36. Bg5 Qxh2 37. e7 Qg3+ 38. Kxe2 Qh2+ 39. Kf3 Qh5+ 40. Kf2 1-0

[Event "IECG CP.2002.Q.00014 email"]
[Site "IECG email"]
[Date "2003.10.01"]
[Round "?"]
[White "Parrilla, Antonio"]
[Black "Frijling, Jeroen"]
[Result "1/2-1/2"]
[WhiteElo "1882"]
[BlackElo "2295"]
[PlyCount "121"]
[EventDate "2003.10.01"]
[EventType "tourn (corr)"]
[EventRounds "10"]
[SourceTitle "Corr 2008"]
[Source "ChessBase"]
[SourceDate "2008.06.24"]
[SourceVersion "1"]
[SourceVersionDate "2008.06.24"]
[SourceQuality "1"]

1. e4 c5 2. Nf3 Nc6 3. d4 cxd4 4. Nxd4 e5 5. Nb5 d6 6. c4 Be7 7. b3 f5 8. exf5 Bxf5 9. Bd3 e4 10. Be2 a6 11. N5c3 Bf6 12. 0-0 Nge7 13. Bg4 Qa5 14. Bd2 Qe5 15. Na3 0-0 16. Nc2 b5 17. Bxf5 Qxf5 18. Rb1 Ne5 19. Nd4 Qg6 20. Qe2 Nxc4 21. bxc4 Bxd4 22. cxb5 Bxc3 23. Bxc3 Nd5 24. Bd2 axb5 25. Qxb5 Nf6 26. a4 d5 27. Bc3 Rad8 28. Qb6 Qg5 29. Qe6+ Kh8 30. Qe5 Qxe5 31. Bxe5 Ra8 32. Rb4 Rfc8 33. h3 Rc4 34. Rxc4 dxc4 35. Ra1 Nd5 36. Rd1 Nf6 37. Bc3 Rxa4 38. Rd8+ Ng8 39. Rc8 h6 40. Kf1 Ra6 41. Rxc4 Re6 42. Ke2 Nf6 43. Bxf6 Rxf6 44. Rxe4 Kh7 45. g4 Kg6 46. f4 Ra6 47. Re5 Kf6 48. h4 Ra3 49. Re3 Ra2+ 50. Kf3 Ra6 51. h5 Rb6 52. Rc3 Ra6 53. Ke3 Rb6 54. Kf3 Ra6 55. Rb3 Rc6 56. Kg3 Ra6 57. Rd3 Rb6 58. Kf3 Ra6 59. Rd4 Rb6 60. Ke3 Ra6 61. Rd5 1/2-1/2

[Event "IECG CP.2003.P.00069 email"]
[Site "IECG email"]
[Date "2003.10.01"]
[Round "?"]
[White "Parrilla, Antonio"]
[Black "Kablan, Cristian"]
[Result "1-0"]
[WhiteElo "1882"]
[BlackElo "1377"]
[PlyCount "93"]
[EventDate "2003.10.01"]
[EventType "tourn (corr)"]
[EventRounds "6"]
[EventCountry "ITA"]
[SourceTitle "Corr 2008"]
[Source "ChessBase"]
[SourceDate "2008.06.24"]
[SourceVersion "1"]
[SourceVersionDate "2008.06.24"]
[SourceQuality "1"]

1. e4 e5 2. Nf3 Nf6 3. Nxe5 d6 4. Nf3 Nxe4 5. d4 Be7 6. Bd3 d5 7. 0-0 Nc6 8. c4 Nb4 9. Be2 dxc4 10. Bxc4 0-0 11. Nc3 Nd6 12. Bb3 Bf6 13. Ne5 Re8 14. Bf4 Bf5 15. Qd2 Be6 16. Bxe6 Rxe6 17. Rad1 c6 18. Rfe1 Nf5 19. a3 Nd5 20. h3 Rc8 21. Qc2 g6 22. Bh2 Bg7 23. Qd3 Qb6 24. Na4 Qd8 25. Nc5 Re7 26. Nf3 Rxe1+ 27. Rxe1 b6 28. Ne4 Nc7 29. Rd1 Ne6 30. Be5 Kf8 31. Qd2 f6 32. Bh2 Qd7 33. Qc3 Qd5 34. Qd3 Rd8 35. Nc3 Qb3 36. Qe4 c5 37. Nd2 Qxb2 38. Qxe6 Qxc3 39. Ne4 Qc2 40. Re1 Re8 41. Bd6+ Nxd6 42. Qxd6+ Kf7 43. Qd5+ Kf8 44. Re3 Qc1+ 45. Kh2 Re7 46. Qd8+ Re8 47. Qd6+ 1-0

[Event "IECG CP.2002.Q.00014 email"]
[Site "IECG email"]
[Date "2003.10.01"]
[Round "?"]
[White "Parrilla, Antonio"]
[Black "Lifshitz, Samuel"]
[Result "1/2-1/2"]
[WhiteElo "1882"]
[BlackElo "2312"]
[PlyCount "189"]
[EventDate "2003.10.01"]
[EventType "tourn (corr)"]
[EventRounds "10"]
[SourceTitle "Corr 2008"]
[Source "ChessBase"]
[SourceDate "2008.06.24"]
[SourceVersion "1"]
[SourceVersionDate "2008.06.24"]
[SourceQuality "1"]

1. e4 c5 2. Nf3 Nc6 3. d4 cxd4 4. Nxd4 Nf6 5. Nc3 e5 6. Ndb5 d6 7. Bg5 a6 8. Na3 b5 9. Nd5 Be7 10. Bxf6 Bxf6 11. c3 0-0 12. Nc2 Rb8 13. Be2 Bg5 14. 0-0 a5 15. Qd3 Be6 16. Nce3 Ne7 17. Rad1 Bxe3 18. Nxe3 Rb6 19. b3 Ng6 20. g3 Qg5 21. Kh1 a4 22. Nd5 Bxd5 23. Qxd5 Ne7 24. Qd3 Rc8 25. f4 exf4 26. gxf4 Qc5 27. e5 d5 28. Rf3 b4 29. c4 Rd8 30. Qe4 d4 31. f5 Rh6 32. Rg1 Kh8 33. Qf4 f6 34. Rxg7 Kxg7 35. Rg3+ Kh8 36. Qxh6 Qc6+ 37. Bf3 Nxf5 38. Bxc6 Nxh6 39. e6 Nf5 40. Rf3 Ne7 41. Bd7 axb3 42. axb3 Kg7 43. Rf4 d3 44. Rd4 Ra8 45. Rxd3 Ra2 46. Rg3+ Kf8 47. Rh3 Kg7 48. Kg1 f5 49. Kf1 Kg6 50. Be8+ Kg7 51. Ke1 h6 52. Kd1 f4 53. Rf3 Kf6 54. Rxf4+ Kxe6 55. Re4+ Kf6 56. Bd7 Rxh2 57. Re6+ Kf7 58. Rb6 h5 59. Rxb4 h4 60. Rb7 Kf6 61. Rb6+ Kg5 62. Re6 Ng6 63. Re2 Rh1+ 64. Kc2 h3 65. Bc6 Ra1 66. Kb2 Nf4 67. Rd2 Rg1 68. c5 Kh4 69. Bb7 Ne6 70. b4 Rg5 71. Rc2 Kg3 72. Ka3 Rg7 73. Bd5 Nc7 74. Bc6 Rg6 75. Bb7 Rg7 76. Rc3+ Kh4 77. Rc4+ Kg3 78. Ka4 Ne6 79. Rc3+ Kf2 80. Bd5 Ra7+ 81. Kb3 Nc7 82. Rc2+ Kg3 83. Rc3+ Kf2 84. Rf3+ Kg1 85. Be4 h2 86. Rg3+ Kf2 87. Rg2+ Ke3 88. Rg4 Ra1 89. Rh4 Re1 90. Bb7 Kd3 91. Rh3+ Kd4 92. Rh4+ Kd3 93. Rxh2 Rb1+ 94. Ka3 Kc4 95. Rh4+ 1/2-1/2